| 000 | 01204nam a2200373 a 4500 | ||
|---|---|---|---|
| 001 | 22585 | ||
| 003 | SK-KTurca | ||
| 005 | 20260401141503.0 | ||
| 008 | 110520s2010 xo a j 000 f slo d | ||
| 020 | _a9788055601311 (viaz.) | ||
| 035 | _a(VRT)vtls010207482 | ||
| 040 |
_aPPPK _bslo _cUKB _eAACR2 |
||
| 041 | 1 |
_aslo _heng |
|
| 044 |
_axo _cSK |
||
| 072 | 7 |
_a821.111-3 _xAnglická próza, anglicky písaná _2konspekt |
|
| 072 | 7 |
_a821-93 _xLiteratúra pre deti a mládež (beletria) _2konspekt |
|
| 080 |
_a821.111-31 _22004 |
||
| 080 |
_a821-93 _22004 |
||
| 080 |
_a(0:82-31) _22004 |
||
| 100 | 1 | _aKessler, Liz | |
| 240 | 1 | 0 |
_aEmily Windsnap and the siren’s secret. _lSlovensky |
| 245 | 1 | 0 |
_aEmily Windsnapová a sirénino tajomstvo _cLiz Kessler ; ilustrácie Natache Ledwidge ; [z anglického originálu preložila Eva Budjačová] |
| 260 |
_a[Bratislava] _bSlovart _cc2010 |
||
| 300 |
_a263, [1] s. _bil. |
||
| 500 | _aFrontsp. | ||
| 653 | _a821.111-31 | ||
| 653 | _a821-93 | ||
| 653 | _a(0:82-31) | ||
| 655 | 7 |
_aanglické romány _2UKBPH |
|
| 655 | 7 |
_apublikácie pre deti _2UKBPH |
|
| 700 | 1 |
_aLedwidge, Natacha _4ill |
|
| 700 | 1 |
_aBudjačová, Eva _4trl |
|
| 942 |
_2ddc _cKLDE _n0 |
||
| 999 |
_c22585 _d22585 |
||